Science for Peace and Progress Life and Work of Abdus Salam/ (Record no. 1859)

000 -LEADER
fixed length control field 00375 a2200109 4500
020 ## - INTERNATIONAL STANDARD BOOK NUMBER
International Standard Book Number 9780975586051
082 ## - DEWEY DECIMAL CLASSIFICATION NUMBER
Classification number 925 DIL
100 ## - MAIN ENTRY--PERSONAL NAME
Personal name Dil, Anwar
245 ## - TITLE STATEMENT
Title Science for Peace and Progress Life and Work of Abdus Salam/
Statement of responsibility, etc. Edited by Anwar Dil
260 ## - PUBLICATION, DISTRIBUTION, ETC.
Place of publication, distribution, etc. Islamabad :
Name of publisher, distributor, etc. Intercultural Forum Takshila Research University,
Date of publication, distribution, etc. 2008
300 ## - PHYSICAL DESCRIPTION
Extent 668p. :
Other physical details ill. ;
Dimensions 28 cm
650 ## - SUBJECT ADDED ENTRY--TOPICAL TERM
Topical term or geographic name entry element Science -- Peace and Progress
Holdings
Withdrawn status Lost status Damaged status Not for loan Permanent Location Current Location Shelving location Date acquired Total Checkouts Full call number Barcode Date last seen Price effective from Koha item type
        School of Civil and Environmental Engineering (SCEE) School of Civil and Environmental Engineering (SCEE)       925 DIL NIT-4690 01/05/2017 01/05/2017 Book
        School of Civil and Environmental Engineering (SCEE) School of Civil and Environmental Engineering (SCEE)         NIT-4691 01/05/2017 01/05/2017 Book
© 2023 Central Library, National University of Sciences and Technology. All Rights Reserved.